A Knight of the Seven Kingdoms Episode Titles - Statistics

General Stats
  • This quiz has been taken 62 times
  • The average score is 3 of 6
Answer Stats
Hint Answer % Correct
Season 1 Episode 5 In the Name of the Mother
71%
Season 1 Episode 4 Seven
62%
Season 1 Episode 6 The Morrow
60%
Season 1 Episode 1 The Hedge Knight
49%
Season 1 Episode 3 The Squire
49%
Season 1 Episode 2 Hard Salt Beef
44%
No matching quizzes found
Score Distribution
Percent of People with Each Score
Percentile by Number Answered
Your Score History
You have not taken this quiz